| 000 | 00458nam a2200181 a 4500 | ||
|---|---|---|---|
| 001 | 18927 | ||
| 005 | 20180713212308.0 | ||
| 008 | 140415s1945 000 0 spa d | ||
| 041 | _aspa | ||
| 082 |
_a863 _bVAL |
||
| 100 | 1 | _aVALLE-ARIZPE, ARTEMIO DE | |
| 245 | 1 | 0 | _aCUENTOS DEL MEXICO ANTIGUO |
| 250 | _a5a ed. | ||
| 260 |
_a[s.l.] : _bESPASA-CALPE, _c1945 |
||
| 300 | _a151 | ||
| 490 |
_aAUSTRAL _v53 |
||
| 650 | 1 | 4 | _aLITERATURA MEXICANA |
| 999 |
_c18927 _d18927 |
||